| 000 | 01003nam a22002417a 4500 | ||
|---|---|---|---|
| 005 | 20240530110531.0 | ||
| 008 | 160316s2013 ua g b 000 0 ara d | ||
| 017 |
_a2013/1512 _bمصر . دار الكتب المصرية |
||
| 020 | _a9789776298958 | ||
| 040 | _aEG-CaGPL | ||
| 082 | 1 | 4 |
_221 _a128.1\ _bخ ط |
| 100 | 0 | _aخبراء المجموعة العربية للتدريب و النشر | |
| 245 | 1 | 2 |
_aالطاقة الروحية و اسرار النفس البشرية / _cاعداد خبراء المجموعة العربية للتدريب و النشر |
| 250 | _aط1 | ||
| 260 |
_aالقاهرة : _bالمجموعة العربية للتدريب و النشر ، _c2013 . |
||
| 300 |
_a96 ص ؛ _c30 سم . |
||
| 490 | _aالمهارات السلوكية | ||
| 504 | _aيشتمل على ارجاعات ببليوجرافية | ||
| 650 | 0 | 4 | _aالطاقة الروحية |
| 650 | 0 | 4 |
_aالطاقة _xاشكال |
| 942 |
_2ddc _cBK |
||
| 999 |
_c62086 _d62086 |
||